| 000 | 00712nam a2200253#a 4500 | ||
|---|---|---|---|
| 001 | 01714 | ||
| 003 | HDC | ||
| 007 | ta | ||
| 008 | 230623s2009 xx 000 0 eng d | ||
| 020 | _a1675-7949 (pbk). | ||
| 040 | _aHDC | ||
| 050 |
_asmd L960 _b.S34 2009 |
||
| 110 | _aSchools of Malaysia directory. | ||
| 245 | 0 |
_aSchools of Malaysia Directory : _byour guide to children's schooling and upbringing. |
|
| 250 | _a3rd ed. | ||
| 264 |
_aPetaling Jaya : _bChallenger Concept, _c2009. |
||
| 300 |
_av. : _b col. ill. ; _c 30cm. |
||
| 650 |
_aEducation _zMalaysia _vDirectories. |
||
| 650 |
_aSchools _zMalaysia _vDirectories. |
||
| 942 | _2lcc | ||
| 942 | _cBK | ||
| 942 | _ksmd L960 | ||
| 942 | _m.S34 2009 | ||
| 999 |
_c23279 _d23279 |
||